Statystyki dla Największe dworce kolejowe na świecie

Kliknij tutaj aby rozwiązać quiz!

Ogólne statystyki

  • Ten quiz został rozwiązany 99 razy
  • Średni wynik to 5 z 8

Statystyki odpowiedzi

#PeronyStacja% Poprawnych
2.36Gare du Nord
89%
7.24Londyn Waterloo
87%
5.32Pekin Fengtai
85%
3.35Shinjuku
84%
4.33Roma Termini
71%
6.28Sydney Central
23%
1.44Grand Central Terminal
9%
8.23Howrah
3%

Rozkład punktacji

Percentyl według liczby udzielonych odpowiedzi

Procent ludzi z każdym wynikiem

Twoja historia wyników

Nie rozwiązałeś tego quizu